00282nam a22000977a 4500008004100000082001100041100002100052245004800073260005500121300000800176260601b |||||||| |||| 00| 0 eng d a001849 aNagasampige, A V aYajna Upanishat Prabha of Sri Krshnavadhuta aBangalorebPoornaprajna Samshodhana Mandiramc2004 a43p